[Event "Mistrzostwa Polski Juniorow do lat 18 - Dziewczeta"]
[Site "Szklarska Poreba"]
[Date "1899-12-30"]
[Round "7.8"]
[White "Swiech, Joanna"]
[Black "Raczykowska, Paulina"]
[Result "0-1"]
[WhiteTitle "k+"]
[BlackTitle "k"]
[WhiteElo "1838"]
[BlackElo "1899"]

1. d4 Nf6 2. c4 e6 3. a3 b6 4. Nc3 Bb7 5. d5 d6 6. e4 e5 7. Bd3 g6 8. Nge2 Bg7
9. O-O Nbd7 10. f3 O-O 11. Be3 h6 12. Qd2 Kh7 13. Ng3 Qe7 14. b4 a6 15. Rfc1 Rae8
16. Na4 c5 17. dxc6 Bxc6 18. b5 Bb7 19. Nxb6 Nxb6 20. Bxb6 Nd7 21. Ba5 Nc5 22.
Rab1 h5 23. Rd1 Bh6 24. Qf2 Rc8 25. Bf1 h4 26. Ne2 f5 27. exf5 Rxf5 28. bxa6 Bxa6
29. Rb6 Ne4 30. Rxa6 Nxf2 31. Kxf2 h3 32. Raxd6 Qh4+ 33. g3 Rxf3+ 34. Kxf3 Rf8+
35. Nf4 Rxf4+ 0-1

[Event "Mistrzostwa Polski Juniorow do lat 18 - Dziewczeta"]
[Site "Szklarska Poreba"]
[Date "1899-12-30"]
[Round "7.9"]
[White "Moscicka, Pola"]
[Black "Michalska, Aleksandra"]
[Result "1-0"]
[WhiteTitle "k++"]
[BlackTitle "I++"]
[WhiteElo "2050"]
[BlackElo "1825"]

1. d4 d5 2. c4 dxc4 3. e3 Nf6 4. Bxc4 e6 5. Nf3 c5 6. O-O a6 7. Bb3 Nc6 8. Nc3
cxd4 9. exd4 Be7 10. Bg5 O-O 11. Qd2 b6 12. Rad1 Bb7 13. Qf4 Nb4 14. Rfe1 Nbd5
15. Nxd5 Nxd5 16. Qg3 Bxg5 17. Nxg5 h6 18. Ne4 Nf6 19. Nd6 Bd5 20. Bxd5 Nxd5 21.
Re4 Qc7 22. Rg4 f6 23. Re4 Qd7 24. Rde1 Nc7 25. Nf5 Kh7 26. Nh4 g5 27. Nf5 Kg6
28. h4 Rae8 29. Nd6 Rd8 30. Nc4 b5 31. Nd2 Qd6 32. Qd3 f5 33. R4e2 Qxd4 34. Qc2
Rc8 35. Nf3 Qd6 36. Qc1 g4 37. Ne5+ Kg7 38. Rc2 Qd8 39. Nc6 Qxh4 40. g3 Qf6 41.
Na7 Ra8 42. Rxc7+ Rf7 43. Nc8 Qd8 44. Rxe6 Qg5 45. Qc3+ Kg8 46. Re8+ 1-0

[Event "Mistrzostwa Polski Juniorow do lat 18 - Dziewczeta"]
[Site "Szklarska Poreba"]
[Date "1899-12-30"]
[Round "7.10"]
[White "Kulpa, Zuzanna"]
[Black "Chomicka, Kinga"]
[Result "1-0"]
[WhiteTitle "k"]
[BlackTitle "I+"]
[WhiteElo "1955"]
[BlackElo "1439"]

1. d4 Nf6 2. c4 e6 3. Nf3 b6 4. Bf4 Bb7 5. e3 Be7 6. h3 d6 7. Nc3 Nbd7 8. Bd3 d5
9. Nb5 Bb4+ 10. Kf1 e5 11. dxe5 Nh5 12. e6 fxe6 13. Nxc7+ Kf7 14. Ng5+ Ke7 15.
Qxh5 g6 16. Qg4 Qg8 17. Nxa8 Bxa8 18. cxd5 Bxd5 19. Be5 Nxe5 20. Qxb4+ Kd7 21.
Bb5+ Kc8 22. Rc1+ Kb8 23. Qd6+ Ka8 24. Rc7 Qd8 25. Qxd8+ Rxd8 26. Ke2 Bxg2 27.
Rhc1 Bb7 28. Nxe6 Rd5 29. Rxh7 Rxb5 30. Nc7+ Kb8 31. Rh8+ Bc8 32. Nxb5 Kb7 33.
Rhxc8 Ka6 34. a4 Ka5 35. f4 Nd7 36. R8c7 Nc5 37. Rc4 a6 38. b4+ Kxa4 39. bxc5+
Kxb5 40. cxb6 Kxb6 41. R7c6+ Kb5 42. R6c5+ Kb6 43. Rg5 1-0

[Event "Mistrzostwa Polski Juniorow do lat 18 - Dziewczeta"]
[Site "Szklarska Poreba"]
[Date "1899-12-30"]
[Round "7.11"]
[White "Sivickis, Wiktoria"]
[Black "Roszkiewicz, Anna"]
[Result "1/2-1/2"]
[WhiteTitle "I++"]
[BlackTitle "I++"]
[WhiteElo "1775"]
[BlackElo "1624"]

1. e4 c5 2. Nf3 Nc6 3. Bb5 d6 4. Bxc6+ bxc6 5. O-O e5 6. d3 Nf6 7. c3 Be7 8. Re1
Bg4 9. Nbd2 O-O 10. h3 Bh5 11. Nf1 Bg6 12. Ng3 h6 13. Nh4 Bh7 14. Nhf5 Re8 15.
Nxe7+ Qxe7 16. Qf3 Qe6 17. Nf5 Bxf5 18. exf5 Qd7 19. g4 Nh7 20. h4 Qe7 21. Qg3
Qf6 22. f4 Rab8 23. fxe5 dxe5 24. Rf1 g5 25. fxg6 Qxg6 26. Rf5 Re6 27. d4 cxd4
28. cxd4 Rb4 29. h5 Qg7 30. g5 Rxd4 31. Be3 Rd7 32. Raf1 hxg5 33. Bxg5 f6 34.
Bh4 Qxg3+ 35. Bxg3 Rg7 36. Kh2 Rg5 37. Bh4 Rxf5 38. Rxf5 Kg7 39. Bf2 Re7 40. Be3
Rb7 41. b3 a5 42. Rf2 1/2-1/2

[Event "Mistrzostwa Polski Juniorow do lat 18 - Dziewczeta"]
[Site "Szklarska Poreba"]
[Date "1899-12-30"]
[Round "7.12"]
[White "Polak, Sylwia"]
[Black "Tarka, Aleksandra"]
[Result "1-0"]
[WhiteTitle "I++"]
[BlackTitle "I++"]
[WhiteElo "1629"]
[BlackElo "1706"]

1. d4 f5 2. e4 fxe4 3. Nc3 Nf6 4. Bg5 Nc6 5. f3 e3 6. Bxe3 d6 7. Qd2 e5 8. d5 Ne7
9. O-O-O h5 10. Nge2 Bf5 11. Ng3 a6 12. Nxf5 Nxf5 13. Bd3 Qd7 14. Rhe1 O-O-O 15.
Bg1 g6 16. Kb1 Bh6 17. Qf2 Nd4 18. Bxg6 c5 19. dxc6 Nxc6 20. Na4 Kb8 21. Nb6 Qg7
22. Be4 Nxe4 23. Rxe4 Rhg8 24. g3 Qf7 25. Nd5 Rgf8 26. f4 Qg6 27. Rc4 Rc8 28.
Rxc6 Rxc6 29. Qa7+ 1-0

[Event "Mistrzostwa Polski Juniorow do lat 18 - Dziewczeta"]
[Site "Szklarska Poreba"]
[Date "1899-12-30"]
[Round "7.13"]
[White "Wolagiewicz, Kinga"]
[Black "Drob, Julia"]
[Result "1-0"]
[WhiteTitle "I"]
[BlackTitle "I"]
[WhiteElo "1633"]
[BlackElo "1387"]

1. e4 c5 2. Nf3 d6 3. d4 cxd4 4. Nxd4 Nf6 5. Nc3 e6 6. Be2 Be7 7. Be3 Nc6 8. Nb3
a6 9. O-O b5 10. a3 Bb7 11. f4 Qc7 12. Bd3 h6 13. Kh1 O-O 14. Qf3 Nd7 15. Qg3
Kh8 16. f5 Nde5 17. Qh3 exf5 18. exf5 Kg8 19. Nd5 Qd8 20. f6 Bc8 21. Qg3 Ng4 22.
fxe7 Nxe7 23. Bb6 Qd7 24. Bf5 Nxf5 25. Qxg4 Kh8 26. Bd4 f6 27. Qg6 Nh4 28. Qg3
Nf5 29. Qf4 Qc6 30. Nb4 Qc7 31. Qe4 Rb8 32. Nxa6 Bxa6 33. Qxf5 Bb7 34. Qf2 Rfe8
35. Rfe1 Be4 36. Bc3 Qc6 37. Rad1 Re7 38. Nd4 Qb7 39. Nf5 Bxf5 40. Qxf5 Rbe8 41.
Rxe7 Qxe7 42. Qxb5 Qe4 43. Qd3 Qg4 44. Re1 Rd8 45. Qe4 Qh5 46. Qe7 Rc8 47. Qxd6
Qh4 48. Qd7 Rg8 49. Re8 Rxe8 50. Qxe8+ Kh7 51. Qe1 Qc4 52. Qd1 1-0

[Event "Mistrzostwa Polski Juniorow do lat 18 - Dziewczeta"]
[Site "Szklarska Poreba"]
[Date "1899-12-30"]
[Round "7.14"]
[White "Furtak, Joanna"]
[Black "Repec, Julia"]
[Result "1-0"]
[WhiteTitle "k"]
[BlackTitle "I"]
[WhiteElo "1922"]
[BlackElo "1405"]

1. e4 e6 2. d3 d5 3. Nd2 Nd7 4. Ngf3 dxe4 5. dxe4 Bc5 6. g3 Ngf6 7. Bg2 Ng4 8.
O-O Ndf6 9. Qe2 O-O 10. h3 Nxf2 11. Rxf2 Bxf2+ 12. Qxf2 h6 13. b3 b6 14. e5 Nd5
15. c4 Nb4 16. Nd4 Rb8 17. Ba3 Bb7 18. Bxb4 c5 19. Ba3 Bxg2 20. Kxg2 cxd4 21.
Bxf8 Qxf8 22. Rd1 Rd8 23. Nf3 d3 24. Ne1 d2 25. Rxd2 Rxd2 26. Qxd2 Qc5 27. Nf3
Qa3 28. b4 a5 29. Ne1 axb4 30. Qd8+ Kh7 31. Qd3+ 1-0

[Event "Mistrzostwa Polski Juniorow do lat 18 - Dziewczeta"]
[Site "Szklarska Poreba"]
[Date "1899-12-30"]
[Round "7.15"]
[White "Giefert, Sara"]
[Black "Sawa, Daria"]
[Result "1-0"]
[WhiteTitle "I+"]
[BlackTitle "I"]
[WhiteElo "1624"]
[BlackElo "1558"]

1. e4 e5 2. Nf3 Nc6 3. Bc4 Nf6 4. d3 Be7 5. c3 O-O 6. Qe2 Re8 7. Nbd2 d5 8. Bb3
Bg4 9. h3 Bh5 10. g4 Bg6 11. Nh4 Na5 12. Bc2 c5 13. Nf5 Rc8 14. Ba4 Nc6 15. Nf3
Bf8 16. Bg5 Qa5 17. Bxc6 bxc6 18. Bxf6 gxf6 19. O-O Bxf5 20. gxf5 Bh6 21. Nh2
dxe4 22. dxe4 Red8 23. Ng4 Bg5 24. h4 h5 25. hxg5 hxg4 26. gxf6 Kh7 27. Kg2 Kh6
28. Qe3+ 1-0

[Event "Mistrzostwa Polski Juniorow do lat 18 - Dziewczeta"]
[Site "Szklarska Poreba"]
[Date "1899-12-30"]
[Round "7.16"]
[White "Budkiewicz, Magdalena"]
[Black "Zalucka, Emilia"]
[Result "1/2-1/2"]
[WhiteTitle "I++"]
[BlackTitle "I"]
[WhiteElo "1702"]
[BlackElo "1512"]

1. e4 e5 2. Nf3 Nc6 3. Bb5 a6 4. Ba4 Nf6 5. O-O b5 6. Bb3 Be7 7. Re1 O-O 8. a4
Bb7 9. c3 d6 10. d4 Nb8 11. Nbd2 Nbd7 12. Bc2 Re8 13. Nf1 Bf8 14. Bg5 h6 15. Bh4
Qc8 16. Ng3 g6 17. Qd2 Bg7 18. Rad1 Kh7 19. a5 c5 20. b4 Qc7 21. d5 cxb4 22. cxb4
Rec8 23. Bxf6 Bxf6 24. Bd3 Qc3 25. Rc1 Qxd2 26. Nxd2 Bg5 27. Ngf1 Kg7 28. g3 Rab8
29. h4 Bxd2 30. Nxd2 f6 31. Bf1 f5 32. Bh3 Rxc1 33. Rxc1 Rc8 34. Rxc8 Bxc8 35.
h5 Nf6 36. hxg6 Kxg6 37. f4 Ng4 38. Bxg4 fxg4 39. fxe5 dxe5 40. Nb3 Kf6 41. Nc5
Ke7 42. Kf2 Kd6 43. Nd3 h5 44. Ne1 Bd7 45. Ng2 Bc8 46. Nh4 Bd7 47. Ke3 Be8 48.
Nf5+ Kd7 49. Nh4 1/2-1/2

[Event "Mistrzostwa Polski Juniorow do lat 18 - Dziewczeta"]
[Site "Szklarska Poreba"]
[Date "1899-12-30"]
[Round "7.17"]
[White "Zygmunt, Patrycja"]
[Black "Choinska, Debora"]
[Result "0-1"]
[WhiteTitle "I"]
[BlackTitle "I++"]
[WhiteElo "1230"]
[BlackElo "1668"]

1. e4 d6 2. d4 Nf6 3. Nc3 Nbd7 4. f4 e5 5. fxe5 dxe5 6. dxe5 Nxe5 7. Qxd8+ Kxd8
8. Bf4 Bd6 9. O-O-O Ke7 10. Bg5 c6 11. Nf3 h6 12. Bf4 Nd3+ 13. cxd3 Bxf4+ 14.
Kc2 Ng4 15. Re1 Ne3+ 16. Kb1 Nxf1 17. Rhxf1 Bc7 18. Kc2 Bg4 19. h3 Be6 20. Nd4
Rhd8 21. Nxe6 fxe6 22. Rf3 Rf8 23. Ref1 e5 24. Ne2 Rad8 25. Ng3 g6 26. h4 h5 27.
Ne2 Bb6 28. Nc3 Rxf3 29. gxf3 Rf8 30. Ne2 Ke6 31. Kc3 Bd8 32. d4 Bxh4 33. Kc4
Be7 34. Nc3 exd4 35. Kxd4 h4 36. f4 Bf6+ 37. Ke3 Be5 38. Rf3 Bd6 39. Ne2 Bc5+
40. Nd4+ Ke7 41. e5 Rd8 42. Rh3 Bxd4+ 43. Ke2 Rh8 44. b3 Ke6 45. Rd3 c5 46. Rh3
Kf5 47. Kf3 g5 48. fxg5 Bxe5 49. g6 Kxg6 50. Kg4 Bg3 0-1

[Event "Mistrzostwa Polski Juniorow do lat 18 - Dziewczeta"]
[Site "Szklarska Poreba"]
[Date "1899-12-30"]
[Round "7.18"]
[White "Zygmunt, Magdalena"]
[Black "Taranowicz, Zofia"]
[Result "1-0"]
[WhiteTitle "I"]
[BlackTitle "I"]
[WhiteElo "1256"]
[BlackElo "1185"]

1. e4 c6 2. d4 d5 3. exd5 cxd5 4. c4 Nf6 5. Nc3 e6 6. c5 Be7 7. Nf3 Nc6 8. Bb5
O-O 9. O-O Qc7 10. Bxc6 bxc6 11. Ne5 Bxc5 12. Bf4 Bd6 13. Ne2 Nh5 14. Qc1 Nxf4
15. Nxf4 Ba6 16. Rd1 f6 17. Ned3 Rae8 18. g3 e5 19. dxe5 fxe5 20. Ng2 Qb6 21.
Ne3 Re7 22. Qc2 e4 23. Ne1 Bc5 24. N1g2 Bd3 25. Qc1 Ref7 26. Nf4 Rf6 27. Nxd3
exd3 28. Rxd3 Rxf2 29. Kh1 R8f3 30. Rb3 Qa5 31. Rb8+ Kf7 32. Rb7+ Kg6 33. Qb1+
Kg5 34. h4+ Kf6 35. Ng4+ Ke6 36. Qe1+ Qxe1+ 37. Rxe1+ Kd6 38. Nxf2 Rxf2 39. a3
Bd4 40. b4 Ra2 41. Ree7 c5 42. bxc5+ Kxc5 43. Rxa7 Bb2 44. a4 Kc4 45. Rec7+ Kd3
46. a5 Ra1+ 47. Kg2 Ra3 48. a6 Be5 49. Rf7 Ke4 50. Ra8 d4 51. a7 d3 52. Rd8 Ra2+
53. Kh3 d2 54. Rxd2 Rxd2 55. a8=Q+ Kd4 56. Rd7+ 1-0

[Event "Mistrzostwa Polski Juniorow do lat 18 - Dziewczeta"]
[Site "Szklarska Poreba"]
[Date "1899-12-30"]
[Round "7.19"]
[White "Majdecka, Nikola"]
[Black "Sloniec, Natalia"]
[Result "1-0"]
[WhiteTitle "I"]
[BlackTitle "II+"]
[WhiteElo "1098"]
[BlackElo "1124"]

1. e4 e6 2. d4 d5 3. Nc3 Bb4 4. e5 c5 5. Nf3 Nc6 6. Be3 c4 7. Be2 Nge7 8. O-O O-O
9. Nb5 Ng6 10. c3 Be7 11. Qc1 a6 12. Na3 f6 13. exf6 Bxf6 14. g3 e5 15. dxe5 Ncxe5
16. Nxe5 Bxe5 17. f4 Bf6 18. Qc2 b5 19. Rad1 Bb7 20. Bf3 Qd7 21. Rd2 Rfd8 22.
Rfd1 Qe6 23. Bf2 Ne7 24. b3 Qd6 25. b4 Qe6 26. Bc5 Nf5 27. Bg4 g6 28. Bxf5 Qxf5
29. Qc1 Qe4 30. Re1 Qf3 31. Rf2 Qxc3 32. Nc2 d4 33. f5 Kg7 34. fxg6 hxg6 35. Qf4
d3 36. Qc7+ Kg8 37. Ref1 dxc2 38. Rxf6 Qxf6 39. Rxf6 c1=Q+ 40. Rf1 Rd1 41. Qf7+
Kh8 42. Qf6+ Kh7 43. Qf7+ Kh6 44. Bf8+ Kh5 45. Qh7+ Qh6 46. Qxh6+ Kg4 47. Qh4#
1-0

[Event "Mistrzostwa Polski Juniorow do lat 18 - Dziewczeta"]
[Site "Szklarska Poreba"]
[Date "1899-12-30"]
[Round "8.1"]
[White "Waszczuk, Patrycja"]
[Black "Kucharska, Honorata"]
[Result "1-0"]
[WhiteTitle "WFM"]
[BlackTitle "WFM"]
[WhiteElo "2271"]
[BlackElo "2143"]

1. f4 d5 2. Nf3 g6 3. e3 Bg7 4. c4 c6 5. d4 Nh6 6. Nc3 dxc4 7. Bxc4 b5 8. Be2 O-O
9. O-O Nd7 10. Ne5 Nxe5 11. fxe5 f6 12. Qb3+ Kh8 13. exf6 exf6 14. a4 bxa4 15.
Nxa4 f5 16. Nc5 f4 17. Nd3 fxe3 18. Rxf8+ Qxf8 19. Bxe3 Qe8 20. Ne5 c5 21. Qd5
Be6 22. Qxc5 Nf5 23. Bf2 a5 24. Bf3 Rb8 25. Rxa5 Rxb2 26. g4 Rb1+ 27. Kg2 Nh4+
28. Bxh4 1-0

[Event "Mistrzostwa Polski Juniorow do lat 18 - Dziewczeta"]
[Site "Szklarska Poreba"]
[Date "1899-12-30"]
[Round "8.2"]
[White "Malicka, Maria"]
[Black "Sowa, Wiktoria"]
[Result "1-0"]
[WhiteTitle "WCM"]
[BlackTitle "WFM"]
[WhiteElo "2237"]
[BlackElo "2053"]

1. e4 e5 2. Nf3 Nc6 3. Bb5 a6 4. Ba4 Nf6 5. O-O Nxe4 6. d4 b5 7. Bb3 d5 8. dxe5
Be6 9. Qe2 Be7 10. Rd1 O-O 11. c4 bxc4 12. Bxc4 Bc5 13. Be3 Bxe3 14. Qxe3 Qb8
15. Bb3 Na5 16. Nbd2 Qa7 17. Nxe4 Qxe3 18. fxe3 Nxb3 19. axb3 dxe4 20. Nd4 c5
21. Nxe6 fxe6 22. Rd6 Rab8 23. Ra3 c4 24. Rxe6 cxb3 25. h4 Rfe8 26. Rxe8+ Rxe8
27. Rxa6 Rxe5 28. Rb6 Rd5 29. Rxb3 Rd2 30. Rb4 Kf7 31. b3 Rb2 32. Kh2 Kf6 33.
Kg3 Kf5 34. Rb5+ Kf6 35. h5 Re2 36. Kf4 Rxg2 37. Kxe4 g6 38. hxg6 hxg6 39. b4
g5 40. Rb6+ Ke7 41. b5 g4 42. Kf4 Re2 43. Rg6 Rb2 44. b6 Kf7 45. Rh6 Rb4+ 46.
e4 g3 47. Kxg3 Rxe4 48. Rh8 Re7 49. Rh7+ Ke6 50. Rxe7+ Kd5 1-0

[Event "Mistrzostwa Polski Juniorow do lat 18 - Dziewczeta"]
[Site "Szklarska Poreba"]
[Date "1899-12-30"]
[Round "8.3"]
[White "Vanduyfhuys, Daria"]
[Black "Czarniecka, Aleksandra"]
[Result "1-0"]
[WhiteTitle "WCM"]
[BlackTitle "k"]
[WhiteElo "2023"]
[BlackElo "2040"]

1. d4 Nf6 2. c4 g6 3. Nc3 Bg7 4. e4 d6 5. Nf3 O-O 6. Be2 Bg4 7. O-O Nfd7 8. Be3
Nc6 9. h3 Bxf3 10. Bxf3 e5 11. Ne2 exd4 12. Nxd4 Nce5 13. Be2 Nc5 14. f3 a5 15.
Rb1 Qe7 16. Qd2 Ne6 17. Nb5 g5 18. Nc3 Ng6 19. Nd5 Qd8 20. g3 h6 21. Kh2 Nc5 22.
Bd4 f6 23. Qc2 c6 24. Ne3 Ne7 25. Rbd1 Qc7 26. Rd2 Rad8 27. b3 Ne6 28. Bc3 Rd7
29. Rfd1 h5 30. Nf5 Nxf5 31. exf5 Nc5 32. Rd4 Bh6 33. Qd2 Rfd8 34. Bxa5 b6 35.
Bc3 Kh7 36. b4 Nb7 37. Rd3 Rf7 38. Qb2 Qe7 39. Bf1 h4 40. gxh4 gxh4 41. Re1 Qf8
42. Rd4 Bg5 43. Rg4 Re8 44. f4 Bh6 45. Rxh4 Rxe1 46. Bxe1 Qe7 47. Qf2 Qd8 48.
Qg3 1-0

[Event "Mistrzostwa Polski Juniorow do lat 18 - Dziewczeta"]
[Site "Szklarska Poreba"]
[Date "1899-12-30"]
[Round "8.4"]
[White "Rudzinska, Michalina"]
[Black "Harazinska, Magdalena"]
[Result "1/2-1/2"]
[WhiteTitle "WFM"]
[BlackTitle "WFM"]
[WhiteElo "2083"]
[BlackElo "2099"]

1. e4 c5 2. Nf3 d6 3. d4 cxd4 4. Nxd4 Nf6 5. Nc3 e6 6. Be3 a6 7. f3 b5 8. Qd2 Bb7
9. g4 Nfd7 10. h4 Nb6 11. a4 Nc4 12. Bxc4 bxc4 13. g5 Nd7 14. h5 Qc7 15. O-O-O
O-O-O 16. g6 hxg6 17. hxg6 Rxh1 18. Rxh1 Ne5 19. gxf7 Qxf7 20. Qe2 d5 21. f4 Nc6
22. Nxe6 Qxe6 23. exd5 Qe8 24. dxc6 Qxc6 25. Rd1 Rxd1+ 26. Qxd1 Qh1 27. Bg1 Bc6
28. Qd4 Qg2 29. Nd1 Qf1 30. Qb6 Qxf4+ 31. Be3 Qe4 32. Qxa6+ Kd7 33. Qa7+ Ke6 34.
Bd2 Be7 35. Qb6 Kd7 36. Qe3 Qd5 37. a5 g5 38. Qh3+ Kc7 39. Ne3 Qe4 40. Qg3+ Kb7
41. Qf2 g4 42. Nxg4 Bd8 43. Ne3 Qh1+ 44. Qf1 Qxf1+ 45. Nxf1 Ka6 46. Ne3 Bb5 47.
Nd5 Bxa5 48. Bxa5 Kxa5 49. Kd2 Bc6 50. Ne7 Be4 51. c3 Ka4 52. Ke3 Bd3 53. Kd4
Kb3 54. Nc6 Kxb2 55. Ne5 Be2 56. Nxc4+ Kb3 57. Ne5 Ka4 58. Nd3 Kb5 59. c4+ Kb6
60. c5+ Kc7 61. Ne5 Bf1 1/2-1/2

[Event "Mistrzostwa Polski Juniorow do lat 18 - Dziewczeta"]
[Site "Szklarska Poreba"]
[Date "1899-12-30"]
[Round "8.5"]
[White "Jarocka, Liwia"]
[Black "Raczykowska, Paulina"]
[Result "1-0"]
[WhiteTitle "FM"]
[BlackTitle "k"]
[WhiteElo "1919"]
[BlackElo "1899"]

1. e4 e5 2. Bc4 Nf6 3. d3 Nc6 4. Nf3 Be7 5. O-O O-O 6. c3 d5 7. exd5 Nxd5 8. Re1
Bf6 9. Nbd2 g6 10. Ne4 Bg7 11. Bb3 Kh8 12. d4 exd4 13. Nxd4 Nxd4 14. cxd4 b6 15.
Bg5 f6 16. Bd2 Bb7 17. Nc3 Qd6 18. Rc1 Rad8 19. Bxd5 Bxd5 20. Nb5 Qd7 21. Nxc7
Bf7 22. Bb4 Qxd4 23. Qxd4 Rxd4 24. Bxf8 Bxf8 25. Ne6 Bxe6 26. Rxe6 Kg7 27. Rc7+
Kh6 28. g3 f5 29. a3 Rd1+ 30. Kg2 Rd2 31. b4 Ra2 32. Rf7 Bg7 33. h4 Bd4 34. Kh3
Rxf2 35. Ree7 g5 36. Re6+ 1-0

[Event "Mistrzostwa Polski Juniorow do lat 18 - Dziewczeta"]
[Site "Szklarska Poreba"]
[Date "1899-12-30"]
[Round "8.6"]
[White "Filipska, Maja"]
[Black "Kalinowska, Zuzanna"]
[Result "0-1"]
[WhiteTitle "I++"]
[BlackTitle "WFM"]
[WhiteElo "1800"]
[BlackElo "2089"]

1. e4 e6 2. d4 d5 3. exd5 exd5 4. Bd3 c5 5. dxc5 Bxc5 6. Nf3 Nf6 7. O-O O-O 8.
Bg5 h6 9. Bf4 Qb6 10. Nc3 Qxb2 11. Nb5 Ne8 12. Qd2 Nc6 13. Nc3 Bb4 14. Rfb1 Qxc3
15. Qe2 Qf6 16. Bd2 Bxd2 17. Nxd2 Nd6 0-1

[Event "Mistrzostwa Polski Juniorow do lat 18 - Dziewczeta"]
[Site "Szklarska Poreba"]
[Date "1899-12-30"]
[Round "8.7"]
[White "Wolagiewicz, Kinga"]
[Black "Moscicka, Pola"]
[Result "1-0"]
[WhiteTitle "I"]
[BlackTitle "k++"]
[WhiteElo "1633"]
[BlackElo "2050"]

1. e4 c5 2. Nf3 Nc6 3. d4 cxd4 4. Nxd4 Nf6 5. Nc3 e5 6. Ndb5 d6 7. a4 a6 8. Na3
Bg4 9. Be2 Bxe2 10. Qxe2 d5 11. exd5 Nxd5 12. Nxd5 Qxd5 13. O-O Qe6 14. Be3 Be7
15. c3 O-O 16. Nc4 f5 17. Bf4 Bf6 18. Rad1 b5 19. axb5 axb5 20. Nd6 b4 21. Bc1
Rad8 22. Nxf5 e4 23. Ng3 Rde8 24. cxb4 Nd4 25. Qe3 Qc4 26. Kh1 Kh8 27. Qc3 Qd5
28. Qc5 Qf7 29. Rxd4 Rc8 30. Qd5 Bxd4 31. Qxd4 Rc4 32. Qd6 Kg8 33. Be3 h5 34.
h3 h4 35. Ne2 Rc2 36. Nc3 Rxb2 37. Nd5 Rb3 38. Bc5 Re8 39. Ne7+ Kh7 40. Qe5 e3
41. Qe4+ g6 42. Qxh4+ Kg7 43. Bd4+ Kf8 44. Nxg6+ 1-0

[Event "Mistrzostwa Polski Juniorow do lat 18 - Dziewczeta"]
[Site "Szklarska Poreba"]
[Date "1899-12-30"]
[Round "8.8"]
[White "Kulpa, Zuzanna"]
[Black "Karlyk, Maria"]
[Result "1-0"]
[WhiteTitle "k"]
[BlackTitle "I"]
[WhiteElo "1955"]
[BlackElo "1603"]

1. d4 d5 2. c4 Nc6 3. Nc3 Nf6 4. cxd5 Nxd5 5. Nf3 Bg4 6. e4 Bxf3 7. gxf3 Nxc3 8.
bxc3 e5 9. d5 Na5 10. Rg1 g6 11. Bd2 Bc5 12. Qa4+ c6 13. c4 Qb6 14. Rg2 Qb2 15.
Rd1 b6 16. Bxa5 1-0

[Event "Mistrzostwa Polski Juniorow do lat 18 - Dziewczeta"]
[Site "Szklarska Poreba"]
[Date "1899-12-30"]
[Round "8.9"]
[White "Polak, Sylwia"]
[Black "Skiba, Aleksandra"]
[Result "1/2-1/2"]
[WhiteTitle "I++"]
[BlackTitle "k"]
[WhiteElo "1629"]
[BlackElo "1923"]

1. d4 Nf6 2. c4 g6 3. Nc3 Bg7 4. e4 d6 5. Nf3 O-O 6. Be2 Nbd7 7. O-O e5 8. d5 Nc5
9. Qc2 a5 10. Be3 Nh5 11. Nd2 Nf4 12. Bxf4 exf4 13. Rac1 Bd7 14. b3 f5 15. f3
g5 16. exf5 Bxf5 17. Nce4 Re8 18. Bd3 Nxd3 19. Qxd3 Qe7 20. Rce1 Qe5 21. Re2 Qd4+
22. Qxd4 Bxd4+ 23. Kh1 h6 24. Rfe1 Kf7 25. Nb1 Bxe4 26. Rxe4 Rxe4 27. Rxe4 Re8
28. Nd2 Rxe4 29. Nxe4 Kg6 30. g3 Kf5 31. Kg2 Ke5 32. Kh3 Kf5 33. Kg2 g4 34. Nd2
h5 35. h3 fxg3 36. hxg4+ hxg4 37. Kxg3 Be5+ 38. Kg2 Kf4 39. fxg4 Kxg4 40. Kf2
Kf4 41. Ke2 Bc3 42. Nb1 Bb4 43. Kd3 Ke5 44. a3 Bc5 45. Kc3 Bd4+ 46. Kd3 Bc5 47.
Kc3 c6 48. dxc6 bxc6 49. b4 Bb6 50. Kd3 Bc7 51. Nd2 Bd8 52. Nf3+ Ke6 53. Nd4+
Kd7 54. b5 cxb5 55. cxb5 Bb6 1/2-1/2

[Event "Mistrzostwa Polski Juniorow do lat 18 - Dziewczeta"]
[Site "Szklarska Poreba"]
[Date "1899-12-30"]
[Round "8.10"]
[White "Sivickis, Wiktoria"]
[Black "Furtak, Joanna"]
[Result "0-1"]
[WhiteTitle "I++"]
[BlackTitle "k"]
[WhiteElo "1775"]
[BlackElo "1922"]

1. e4 c5 2. Nf3 e6 3. d4 cxd4 4. Nxd4 Nc6 5. Nb5 d6 6. c4 Nf6 7. N1c3 a6 8. Na3
Be7 9. Be2 O-O 10. O-O b6 11. Be3 Bb7 12. f3 Rc8 13. Qd2 Ne5 14. Rfd1 Qc7 15.
Na4 Bc6 16. Nxb6 Rb8 17. c5 dxc5 18. Nbc4 Nxc4 19. Nxc4 Rfd8 20. Qc2 Nd7 21. Rac1
Bf6 22. b3 Bb7 23. g3 Bd4 24. Bxd4 cxd4 25. Qd2 e5 26. Na5 Qb6 27. Bd3 Ba8 28.
Nc4 Qf6 29. Kg2 Nc5 30. Nb2 Nxd3 31. Qxd3 Rbc8 32. Nc4 h5 33. h4 Bc6 34. a4 Bd7
35. Kf2 Rc7 36. Rc2 Rdc8 37. Rdc1 Qe6 38. Qf1 Kf8 39. Qd3 Qh3 40. Qf1 Qh2+ 41.
Qg2 Qxg2+ 42. Kxg2 Be6 43. Kf2 d3 44. Rd2 Bxc4 45. bxc4 Rxc4 46. Ra1 Rd4 47. Ra3
Rcc4 48. Rdxd3 Rxd3 49. Rxd3 Rxa4 50. Ke2 Ra2+ 51. Ke3 Rg2 52. Ra3 Rxg3 53. Rxa6
f6 54. Kf2 Rh3 55. Ra1 Kf7 56. Kg2 Rxh4 57. Kg3 g5 58. Ra7+ Kg6 59. Ra1 Rf4 0-1

[Event "Mistrzostwa Polski Juniorow do lat 18 - Dziewczeta"]
[Site "Szklarska Poreba"]
[Date "1899-12-30"]
[Round "8.11"]
[White "Roszkiewicz, Anna"]
[Black "Swiech, Joanna"]
[Result "0-1"]
[WhiteTitle "I++"]
[BlackTitle "k+"]
[WhiteElo "1624"]
[BlackElo "1838"]

1. e4 e5 2. Nf3 Nc6 3. Bb5 Nge7 4. O-O g6 5. c3 a6 6. Ba4 b5 7. Bc2 Bg7 8. d4 exd4
9. cxd4 O-O 10. Be3 d6 11. h3 Na5 12. Qc1 Nc4 13. Bh6 c6 14. Bxg7 Kxg7 15. Nbd2
Nxd2 16. Qxd2 Bb7 17. b4 Nc8 18. Rfe1 Nb6 19. Bb3 d5 20. e5 Qe7 21. a3 Nc4 22.
Qg5 Rfe8 23. Qxe7 Rxe7 24. Nh4 Bc8 25. f4 a5 26. a4 axb4 27. axb5 Rxa1 28. Rxa1
cxb5 29. Nf3 Bf5 30. Ne1 Nd2 31. Bxd5 b3 32. Rd1 b2 33. Ba2 Ra7 34. Rxd2 Rxa2
0-1

[Event "Mistrzostwa Polski Juniorow do lat 18 - Dziewczeta"]
[Site "Szklarska Poreba"]
[Date "1899-12-30"]
[Round "8.12"]
[White "Michalska, Aleksandra"]
[Black "Orlik, Sandra"]
[Result "0-1"]
[WhiteTitle "I++"]
[BlackTitle "I++"]
[WhiteElo "1825"]
[BlackElo "1678"]

1. e4 c5 2. Nc3 a6 3. f4 e6 4. Nf3 b5 5. d3 Bb7 6. g3 b4 7. Nb1 d5 8. exd5 Bxd5
9. Bg2 Nf6 10. O-O Be7 11. Qe2 O-O 12. Nbd2 Nc6 13. Nc4 Nd4 14. Nxd4 cxd4 15.
f5 Bxg2 16. Qxg2 Qd5 17. Bd2 Rfe8 18. Rae1 Bf8 19. fxe6 fxe6 20. Re5 Qxg2+ 21.
Kxg2 Nd7 22. Re4 Bc5 23. Rfe1 Kf7 24. Bf4 Nf6 25. Re5 Nd5 26. Bd2 Rac8 27. R1e2
h6 28. g4 Re7 29. g5 hxg5 30. Rxg5 Kg8 31. Rg6 Rc6 32. Re5 Ne3+ 33. Bxe3 dxe3
34. Na5 Rcc7 35. Rgxe6 Rf7 36. Kg3 Rf2 37. Nc4 Rxc2 38. Rxa6 Bd4 39. Re8+ Kh7
40. Re4 e2 41. Kh3 Bf2 42. Rae6 e1=Q 43. Rxe1 Bxe1 44. Rxe1 Rc6 45. Kg3 Rg6+ 46.
Kf4 Rxh2 47. Re5 Rh4+ 48. Kf3 Rh3+ 49. Ke4 Rg4+ 50. Kf5 Rd4 51. Re7 Rhxd3 52.
b3 Rd1 53. Rb7 Ra1 54. Rxb4 Rxa2 55. Rb7 Rd1 56. Kf4 Re1 57. b4 Rf2+ 58. Kg3 Rf6
59. Rb6 Rg1+ 60. Kh2 Rg4 61. Rxf6 gxf6 62. Ne3 Rxb4 63. Nd5 Rb2+ 64. Kg3 Kg6 65.
Ne7+ Kg5 66. Nd5 Rb3+ 67. Kf2 f5 68. Ne3 Rxe3 69. Kxe3 Kg4 70. Kf2 Kf4 71. Ke1
Ke3 72. Kf1 Kf3 73. Kg1 Ke2 74. Kg2 f4 0-1

[Event "Mistrzostwa Polski Juniorow do lat 18 - Dziewczeta"]
[Site "Szklarska Poreba"]
[Date "1899-12-30"]
[Round "8.13"]
[White "Chomicka, Kinga"]
[Black "Giefert, Sara"]
[Result "1-0"]
[WhiteTitle "I+"]
[BlackTitle "I+"]
[WhiteElo "1439"]
[BlackElo "1624"]

1. e4 c5 2. Nc3 d6 3. g3 g6 4. Bg2 Bg7 5. d3 Nc6 6. Be3 e6 7. Qd2 Nge7 8. Nf3 O-O
9. Bh6 Re8 10. h4 Bh8 11. h5 d5 12. hxg6 hxg6 13. Bg5 Bg7 14. Qf4 f6 15. Bxf6
Rf8 16. Bxe7 Qxe7 17. Qg4 Qf6 18. Qh4 d4 19. Qxf6 Bxf6 20. Ne2 Rb8 21. Kd2 e5
22. Rh6 g5 23. Rah1 g4 24. Rg6+ Kf7 25. Rhh6 Ke7 26. Nh2 b5 27. Nxg4 Bxg4 28.
Rxg4 c4 29. f4 cxd3 30. cxd3 Rbc8 31. a3 b4 32. Rh1 bxa3 33. bxa3 Rb8 34. Rc1
Kd6 35. Rg6 Na5 36. fxe5+ Kd7 37. Bh3+ Kd8 38. exf6 Nb3+ 39. Kc2 Nxc1 40. Nxc1
Rh8 41. Bg4 Rb6 42. e5 Rc6+ 43. Kd2 Rc3 44. Ne2 Rxa3 45. Nxd4 Rh2+ 46. Ke3 Rg2
47. Bf3 Rh2 48. Rg8+ Kd7 49. f7 1-0